Selective mutism an overview for SLPS (Registro nro. 72634)

Detalles MARC
000 -ENCABEZADO
Número de control [NR] 00796nam a2200229Ia 4500
005 - FECHA Y HORA DE LA ÚLTIMA TRANSACCIÓN
control field 20211112074841.0
008 - DE LONGITUD FIJA DE DATOS DE ELEMENTOS - INFORMACIÓN GENERAL
Elementos de longitud fija [NR] 130821s2011 xxu gr eng
020 ## - NUMERO INTERNACIONAL NORMALIZADO PARA LIBROS [R]
Número Internacional Normalizado del libro [NR] 9781580412469
040 ## - FUENTE DE CATALOGACION [NR]
Agencia de catalogación original [NR] Co-BoUCM
Idioma de catalogación [NR] spa
Quien Cataloga Luz Cupitra (modificó)
Quien Clasifica [Nuevo]
041 00 - CODIGO DE IDIOMA [R]
Código de idioma para texto/pista de sonido o título separado [R] Inglés
060 ## - SIGNATURA TOPOGRAFICA DE LA BIBLIOTECA NACIONAL DE MEDICINA (NLM) [R]
Número clasificador [R] WM 475
100 1# - ASIENTO PRINCIPAL--NOMBRE PERSONAL [NR]
Nombre personal [NR] Eastman, Kristen
ID Autoridad 75245
245 10 - MENCION DE TITULO [NR]
Título [NR] Selective mutism an overview for SLPS
Mención de responsabilidad, etc. [NR] Kristen Eastman, Joleen R. Eastman
260 ## - PUBLICACION, DISTRIBUCION, ETC. (PIE DE IMPRENTA) [R]
Lugar de publicación, distribución, etc. [R] Rockville (Maryland, Estados Unidos)
Nombre del editor, distribuidor, etc. [R] American Speech-Languaje Hearing Association
Fecha de publicación, distribución, etc. [R] 2011
300 ## - DESCRIPCION FISICA [R]
Extensión [R] 47 páginas
Material acompañante [NR] 1folleto,1CD-ROM
650 04 - ASIENTO SECUNDARIO DE MATERIA - TERMINO TEMATICO [R]
Término temático o nombre geográfico como elemento de entrada [NR] Mudos
9 (RLIN) 19859
650 04 - ASIENTO SECUNDARIO DE MATERIA - TERMINO TEMATICO [R]
Término temático o nombre geográfico como elemento de entrada [NR] Mutismo
9 (RLIN) 20055
650 04 - ASIENTO SECUNDARIO DE MATERIA - TERMINO TEMATICO [R]
Término temático o nombre geográfico como elemento de entrada [NR] Psiquiatría
9 (RLIN) 8004
650 04 - ASIENTO SECUNDARIO DE MATERIA - TERMINO TEMATICO [R]
Término temático o nombre geográfico como elemento de entrada [NR] Trastornos del habla
9 (RLIN) 25777
700 1# - ASIENTO SECUNDARIO - NOMBRE PERSONAL [R]
Nombre personal [NR] Eastman Joleen R.
9 (RLIN) 75246
942 ## - ELEMENTOS DE ENTRADA AGREGADOS (KOHA)
Tipo de ítem principal el descrito en 300a Libro
Tema principal Medicina
Edición 1
Parte restante de la signatura top. E137s
Sistema de clasificación NLM
Clasificación WM 475
Título oculto en OPAC No
Existencias
Fecha de último préstamo Total préstamos Total Renewals Signatura topográfica Código de barras Última vez visto Volúmen / Fascículo Ejemplar Price effective from Tipo de ítem Perdido Sistema de clasificación Dañado No prestable Tipo de ítem específico Suprimido Ubicación habitual Ubicación actual Localización Fecha de creación Forma de adquisición Costo Nota pública (OPAC)
01/12/2014 4 4 WM 475 E137s 200021776 12/12/2025 CD-ROM Ej.1 03/02/2013 Multimedia   NLM     CD-Rom   Quinta de Mutis Quinta de Mutis Colección digital 19/02/2013 Compra 480000.00  
01/12/2014 4 4 WM 475 E137s 200021775 12/12/2025   Ej.1 03/02/2013 Libro   NLM     Libro   Quinta de Mutis Quinta de Mutis 3er piso 28/02/2013 Compra 480000.00 Spot Psicología & Psiquiatría